Normal view
MARC view
- أبو أحمد، حامد يوسف
Entry Personal Name
001 - CONTROL NUMBER
- control field: 16700
003 - CONTROL NUMBER IDENTIFIER
- control field: JO-AjAnu
005 - DATE AND TIME OF LATEST TRANSACTION
- control field: 20230606072949.0
008 - FIXED-LENGTH DATA ELEMENTS
- fixed length control field: 230606|| aca||aabn | a|a d
040 ## - CATALOGING SOURCE
- Original cataloging agency: JO-AjAnu
- Transcribing agency: JO-AjAnu
100 ## - HEADING--PERSONAL NAME
- Personal name: أبو أحمد، حامد يوسف
670 ## - SOURCE DATA FOUND
- Source citation: Work cat.: (JO-AjAnu)8575: أبو أحمد، حامد يوسف , author, رائد الشعر الإسباني الحديث: خوان رامون خمينيث